महानायक ए.पी.जे.अब्दुल कलाम (Record no. 17219)

MARC details
000 -LEADER
fixed length control field 00973nam a22002537a 4500
005 - DATE AND TIME OF LATEST TRANSACTION
control field 20201223115203.0
008 - FIXED-LENGTH DATA ELEMENTS--GENERAL INFORMATION
fixed length control field 081024t xxu||||| |||| 00| 0 hin d
010 ## - LCCN (DPL NO)
LC control number B-281502 G-002727
020 ## - INTERNATIONAL STANDARD BOOK NUMBER
International Standard Book Number 8188090328
Terms of availability 150.00
035 ## - SYSTEM CONTROL NUMBER
System control number B-281502,B-243948
035 ## - SYSTEM CONTROL NUMBER
System control number G-002727
035 ## - SYSTEM CONTROL NUMBER
System control number B-317850
035 ## - SYSTEM CONTROL NUMBER
System control number B-243939
037 ## - SOURCE OF ACQUISITION
Source of stock number/acquisition आत्माराम
040 ## - CATALOGING SOURCE
Original cataloging agency dpl
Language of cataloging hn
082 ## - DEWEY DECIMAL CLASSIFICATION NUMBER
Classification number 921
100 ## - MAIN ENTRY--PERSONAL NAME
Personal name मुकेश नादान
245 ## - TITLE STATEMENT
Title महानायक ए.पी.जे.अब्दुल कलाम
Statement of responsibility, etc मुकेश नादान
260 ## - PUBLICATION, DISTRIBUTION, ETC. (IMPRINT)
Place of publication, distribution, etc दिल्ली
Name of publisher, distributor, etc आत्माराम एडं संस
Date of publication, distribution, etc 2007 2008
270 ## - ADDRESS
Address 1376,कश्मीरी-गेट
City दिल्ली
Postal code 110006
Telephone number 011-23946466, 23973082
300 ## - PHYSICAL DESCRIPTION
Extent 120पृ
Dimensions 22सेमी (सजिल्द)
942 ## - ADDED ENTRY ELEMENTS (KOHA)
Source of classification or shelving scheme Dewey Decimal Classification
Item type Children Books
Classification part 921
Call number suffix मुकेश
Holdings
Withdrawn status Lost status Source of classification or shelving scheme Damaged status Not for loan Collection code Home library Current library Date acquired Cost, normal purchase price Total Checkouts Full call number Barcode Date last seen Copy number Cost, replacement price Koha item type Source of acquisition
    Dewey Decimal Classification     Non-fiction Mobile Library Mobile Library 22/08/2014 150.00   921 मुकेश G-002727 22/08/2014 1 150.00 Children Books Gift
    Dewey Decimal Classification     Non-fiction Qila Rai Pithora Qila Rai Pithora 13/12/2018 150.00   921 मुकेश B-243939 13/12/2018   150.00 Children Books स्वश्तिक प्रकाशन
    Dewey Decimal Classification     Non-fiction Vinoba Puri Vinoba Puri 24/10/2008 150.00   921 मुकेश B-281502 24/10/2008 1 150.00 Children Books  
    Dewey Decimal Classification     Non-fiction Vinoba Puri Vinoba Puri 09/03/2009 150.00 3 921 मुकेश B-317850 10/10/2019 1 150.00 Hindi Books dbad / dup
    Dewey Decimal Classification     Non-fiction Yojana Vihar Yojana Vihar 19/07/2019 150.00   921 मुकेश B-243929 19/07/2019   150.00 Children Books BPPD/PUB

© Delhi Public Library
Hit Counter
free hit counter